000 00460nam a2200181Ia 4500
001 2274
005 20260306143830.0
008 260306t2015||||xx |||||||||||||| ||spa||
041 _aESP
082 _a616.8527
_bB25
100 _aBarraca Mairal, Jorge
_eAUT
245 0 _aActivación conductual:
_bpara el tratamiento de la depresión
260 _c2015
300 _a171 páginas :
_c21 cm.
650 _aGEN
654 _aCPS
942 _cLIB
_dJUS
_fJUS
_2ddc
_n
999 _c2274
_d2274